| 000 | 00539nam a2200181 i 4500 | ||
|---|---|---|---|
| 001 | 93200 | ||
| 003 | ES-MaACL | ||
| 005 | 20230906181139.0 | ||
| 007 | t| | ||
| 008 | 050408s1968 sp ||||1| spa d | ||
| 100 | 1 |
_aLongstreet, Stephen. _973255 |
|
| 245 | 1 | 0 |
_aGeisha / _cStephen y Ethel Longstreet. [traducción: J. Mª Cañas]. |
| 260 |
_aBarcelona : _bPlaza & Janés, _c1968. |
||
| 300 |
_a254 p. ; _c20 cm. |
||
| 700 | 1 |
_aLongstreet, Ethel. _973254 |
|
| 700 | 1 |
_aCañas, José María. _934736 |
|
| 852 |
_aES-MaACL _jC-35982 _bR.69271 |
||
| 999 |
_c93200 _d93200 |
||